Návrh stropnej dosky bytového domu

Gespeichert in:
Bibliographische Detailangaben
1. Verfasser: Novosád, Miroslav, 1987- (Verfasst von)
Weitere Verfasser: Šoltész, Július, 1953- (Betreuung Doktorarbeit)
Format: Manuskript Buch
Sprache:Slowakisch
Veröffentlicht: Bratislava : STU v Bratislave SvF, 2010
Schlagworte:
Online-Zugang:VAIS
Tags: Tag hinzufügen
Keine Tags, Fügen Sie das erste Tag hinzu!

MARC

LEADER 00000ntm a22000003a 4500
001 stu216539
005 20160721135419.6
008 101116s2010----xo------------------slo-d
040 |a STU  |b slo 
041 0 |a slo 
044 |a xo 
100 1 |a Novosád, Miroslav,  |d 1987-  |4 aut  |X 49700  |7 A000049700 
242 0 0 |a Propesail of the ceiling panel in living house  |y eng 
245 1 |a Návrh stropnej dosky bytového domu 
260 |a Bratislava :  |b STU v Bratislave SvF,  |c 2010 
650 7 |a inžinierske konštrukcie a dopravné stavby  |2 stusub 
650 7 |a Structural and Transportation Engineering  |2 estusub 
650 7 |a železobetón  |2 stusub 
700 1 |a Šoltész, Július,  |d 1953-  |4 ths  |u V110  |U SvF Stavebná fakulta  |T SvF Katedra betónových konštrukcií a mostov  |X 638  |U V110  |Y 11  |7 A000000638 
856 4 |a info a plný text  |u http://is.stuba.sk/zp/portal_zp.pl?podrobnosti=48592  |3 VAIS